000 00611nam a22001937a 4500
005 20140416110420.0
010 _aENG-109340
020 _a9788172735722
_c750.00
035 _aEN-92873
037 _bDBAD/PUB
082 _a305.5688
100 _aChavan, Sheshrao
245 _aCongress, Gandhi and Ambedkar :
_cby Sheshrao Chavan
_bassessment and observations of untouchability /
260 _a Delhi
_bAuthorspress
_c2012
270 _aE-35/103, Jawahar Park Laxmi Nagar
_bDelhi
_e110092
300 _axi,250p.
_c22cm(Hb)
500 _aIncludes index
942 _2ddc
_cEN
_mCHA
_h305.5688
999 _c82601
_d82601